Kultúrní aktivity mládeže z hlediska finálních hypotéz součast úkolu SPZV VIII-5-8/2-3

Uložené v:
Podrobná bibliografia
Hlavný autor: Pokorná, Lucie
Médium: Kniha
Jazyk:Czech
Vydavateľské údaje: Praha Ústav pro výzkum kultury 1979
Tagy: Pridať tag
Žiadne tagy, Buďte prvý, kto otaguje tento záznam!

MARC

LEADER 00000nam a2200000 4500
001 c126915
005 20181203150419.4
041 0 |a cze 
044 |a CZ 
245 1 0 |a Kultúrní aktivity mládeže z hlediska finálních hypotéz  |b součast úkolu SPZV VIII-5-8/2-3  |c Lucie Pokorná 
264 1 |a Praha  |b Ústav pro výzkum kultury  |c 1979 
300 |a 76 s. 
100 1 |a Pokorná, Lucie